Rozpoznaj film po jednym kadrze - Statystyki

Ogólne statystyki
  • Ten quiz został rozwiązany 29 razy
  • Średni wynik to 6 z 10
Statystyki odpowiedzi
Obrazkowy Odpowiedź % Poprawnych
Ojciec chrzestny
96%
Titanic
96%
Pianista
89%
Pulp Fiction
70%
Lista schindlera
63%
Forrest Gump
59%
Bękarty wojny
44%
Czas apokalipsy
44%
Życie jest piękne
41%
12 gniewnych ludzi
37%
Nie znaleziono quizów pasujących do podanych kryteriów
Rozkład punktacji
Procent ludzi z każdym wynikiem
Percentyl według liczby udzielonych odpowiedzi
Twoja historia wyników
Nie rozwiązałeś tego quizu